| 000 | 00657nam a2200157 a 4500 | ||
|---|---|---|---|
| 040 | _cDLC | ||
| 082 | 0 | 0 | _a634 NAT 1984 C154 Or. |
| 110 | 2 | _aNational Research Council (U.S.). | |
| 245 | 1 | 0 |
_aCasuarinas, nitrogen-fixing trees for adverse sites : _breport of an ad hoc panel of the Advisory Committee on Technology Innovation, Board on Science and Technology for International Development, Office of International Affairs, National Research Council. |
| 260 |
_aWashington, D.C. : _bNational Academy Press, _c1984. |
||
| 300 |
_avii, 118 p. : _bill., maps ; _c23 cm. |
||
| 500 | _aIncludes index. | ||
| 650 | 0 | _aCasuarina. | |
| 650 | 0 | _aTrees | |
| 942 | _cAEDBB | ||
| 999 |
_c18910 _d18910 |
||